Introducción al derecho

Bewaard in:
Bibliografische gegevens
Hoofdauteur: Squella Narducci, Agustín (autor)
Formaat: Boek
Taal:Spaans
Gepubliceerd in: Santiago, Chile: Jurídica, 2011
Editie:Segunda edición actualizada y ampliada.
Onderwerpen:
Tags: Voeg label toe
Geen labels, Wees de eerste die dit record labelt!

MARC

LEADER 00000nam a2200000 a 4500
001 UCG6339
003 CL-VaPUC
005 20250320114812.0
008 110414e20110300CL |||||||||||||||||spa|d
999 |c 344596  |d 344594 
020 |a 9789561020825 
040 |c Pontificia Universidad Católica de Valparaíso 
082 0 4 |a 340.11 SQU 2011  |2 21 
100 1 |a Squella Narducci, Agustín  |e autor  |9 876578 
245 1 0 |a Introducción al derecho 
250 |a Segunda edición actualizada y ampliada. 
260 |a Santiago, Chile:  |b Jurídica,  |c 2011 
300 |a 843 páginas 
583 |a last modification  |c 20110414 00:00:00  |k Rodrigo Vera 
650 0 |a Filosofía del derecho  |9 897255 
650 0 |a Historia del derecho  |9 255109 
650 0 |a Fuentes del derecho   |9 255162 
650 0 |a Derechos fundamentales   |9 254841 
650 0 |a Interpretación del derecho  |9 897257 
650 0 |a Ordenamiento jurídico   |9 355371 
942 |c BK  |2 ddc 
945 |d 20110414 00:00:00  |a jcampos 
952 |0 0  |1 0  |4 0  |6 340_110000000000000_SQU_2011  |7 0  |8 A  |9 442648  |a BIBDER  |b BIBDER  |d 2019-11-22  |i 4766628  |o 340.11 SQU 2011  |p 4766628  |r 2023-01-25  |w 2019-11-22  |y BK  |k DER 
952 |0 0  |1 0  |4 0  |6 340_110000000000000_SQU_2011  |7 0  |8 A  |9 442649  |a BIBDER  |b BIBDER  |d 2019-11-22  |i 4766636  |o 340.11 SQU 2011  |p 4766636  |r 2023-01-25  |w 2019-11-22  |y BK  |k DER 
952 |0 0  |1 0  |4 0  |6 340_110000000000000_SQU_2011  |7 0  |8 A  |9 442650  |a BIBDER  |b BIBDER  |d 2019-11-22  |i 4766644  |o 340.11 SQU 2011  |p 4766644  |r 2023-01-25  |w 2019-11-22  |y BK  |k DER 
952 |0 0  |1 0  |4 0  |6 340_110000000000000_SQU_2011  |7 0  |8 A  |9 442651  |a BIBDER  |b BIBDER  |d 2019-11-22  |i 4766652  |o 340.11 SQU 2011  |p 4766652  |r 2023-01-25  |w 2019-11-22  |y BK  |k DER 
952 |0 0  |1 0  |4 0  |6 340_110000000000000_SQU_2011  |7 0  |8 A  |9 442652  |a BIBDER  |b BIBDER  |d 2019-11-22  |i 4766660  |l 1  |o 340.11 SQU 2011  |p 4766660  |r 2023-01-25  |s 2022-05-17  |w 2019-11-22  |y BK  |k DER